Pokus o soulad Další osudy ekonomické reformy v Rusku

Posolstvo prezidenta Jelcina poslancom federácie - O upevnení ruského štátu. Nová etapa vo vývoji súčasného Ruska. Prvotný vývoj prebiehal v znamení rozbíjania štátu. Zmena taktiky - potreba vytvorenia silného ruského štátu. Rôzne predstavy o inflácii. Upevnenie štátu a štátnosti na úkor spotrebiteľ...

Descripción completa

Guardado en:
Detalles Bibliográficos
Autor principal: Remčukov, K.
Formato: Capítulo de libro
Lenguaje:checo
Materias:
Etiquetas: Agregar Etiqueta
Sin Etiquetas, Sea el primero en etiquetar este registro!

MARC

LEADER 00000naa a2200000 4500
001 r015410
005 20221213082019.0
041 0 |a cze 
044 |a CZ 
245 1 0 |a Pokus o soulad  |b Další osudy ekonomické reformy v Rusku  |c K. Remčukov 
520 |a Posolstvo prezidenta Jelcina poslancom federácie - O upevnení ruského štátu. Nová etapa vo vývoji súčasného Ruska. Prvotný vývoj prebiehal v znamení rozbíjania štátu. Zmena taktiky - potreba vytvorenia silného ruského štátu. Rôzne predstavy o inflácii. Upevnenie štátu a štátnosti na úkor spotrebiteľa. Dohoda o spoločenskom konsenze. Federálny rozpočet na r. 1994. 
610 2 0 |a politika vnútorná 
610 2 0 |a Rusko 
610 2 0 |a štát 
610 2 0 |a rozpočet štátny 
610 2 0 |a 1994 
610 2 0 |a inflácia 
610 2 0 |a vývoj hospodársky 
100 1 |a Remčukov, K.